Invasion d'ados ! 8 mots dans mots (mort subite) - Statistiques

Statistiques générales
  • Ce quiz a été pris 139 fois
  • Le résultat moyen est 4 sur 8
Answers on the Grid
Answers color-coded by a green-red scale on the quiz's grid according to % correct below.
R---ter
Pédi---e
Esp---n
Ren---er
Am---uer
E---ler
Labr---r
Ha---nie
Mat---r
Crous---lant
Calv---s
Mate---l
Mir---r
Nature--e
So---ge
G---ue
 
Statistiques - réponses
Réponse % Correct
R---ter
62%
Esp---n
57%
Mat---r
57%
Am---uer
55%
Labr---r
53%
Calv---s
52%
Mir---r
52%
G---ue
43%
Aucun quiz correspondant
Distribution des résultats
% des personnes avec chaque résultat
Percentile par nombre de réponses
Votre historique - résultats
Vous n’avez pas pris ce quiz